Contract : (Record no. 613617)

000 -LEADER
fixed length control field 02720cam a2200325 a 4500
001 - CONTROL NUMBER
control field 14923435
005 - DATE AND TIME OF LATEST TRANSACTION
control field 20250416161427.0
008 - FIXED-LENGTH DATA ELEMENTS--GENERAL INFORMATION
fixed length control field 070711s2008 enka 001 0 eng
010 ## - LIBRARY OF CONGRESS CONTROL NUMBER
LC control number 2007028712
020 ## - INTERNATIONAL STANDARD BOOK NUMBER
International Standard Book Number 9780199287369
040 ## - CATALOGING SOURCE
Original cataloging agency DLC
Transcribing agency DLC
Modifying agency DLC
043 ## - GEOGRAPHIC AREA CODE
Geographic area code e-uk-en
050 00 - LIBRARY OF CONGRESS CALL NUMBER
Classification number KD1554.A7
Item number B43 2008
082 00 - DEWEY DECIMAL CLASSIFICATION NUMBER
Classification number 346.4202
Author Mark BEA
100 1# - MAIN ENTRY--PERSONAL NAME
Personal name Beale, H. G.
9 (RLIN) 128747
245 10 - TITLE STATEMENT
Title Contract :
Remainder of title cases and materials /
Statement of responsibility, etc. H.G. Beale, W.D. Bishop, M.P. Furmston.
250 ## - EDITION STATEMENT
Edition statement 5th ed.
260 ## - PUBLICATION, DISTRIBUTION, ETC.
Place of publication, distribution, etc. Oxford ;
-- New York :
Name of publisher, distributor, etc. Oxford University Press,
Date of publication, distribution, etc. 2008.
300 ## - PHYSICAL DESCRIPTION
Extent lix, 1269 p. :
Other physical details ill. ;
Dimensions 25 cm.
500 ## - GENERAL NOTE
General note Includes index.
505 0# - FORMATTED CONTENTS NOTE
Formatted contents note Contracts and contract law -- Contract, tort and restitution -- The functions of contract law -- Economic analysis of contract law -- Empirical work -- Consideration -- Intention to create legal relations -- Offer and acceptance -- Uncertainty and incompleteness -- Communication mistakes -- Express terms in oral agreements -- Contents of written contracts -- Inaccurate information and misrepresentation -- Gap-filling by interpretation -- Implied terms -- Discharge by frustration -- Expectation mistakes -- Discharge by construction -- Duties of disclosure -- Some preliminary questions -- Withholding performance and termination for default -- Damages -- Literal enforcement -- Restitutionary remedies -- Why are promises binding? -- Economic analysis of contract law -- The impact of the empirical studies -- Critical approaches to contract -- Developing the relational contract notion -- Fairness and distributive justice -- Transformation thesis -- Rescission, variation, waiver and promissory estoppel -- Adjustments in longer term contracts -- Duress -- Undue pressure and undue influence -- Unconscionable bargains -- A general principle? -- Standard-form contracts -- Exclusion clauses -- Unfair terms in consumer contracts -- Regulated contracts -- Contracts contrary to public policy -- Contracts involving the commission of a crime or a tort -- Contracts in restraint of trade -- Agency -- Privity and the benefit of a contract between others -- Subsequent assignment of the benefit of a contract -- Privity and burdens -- Assignment and the burden of a contract.
650 #0 - SUBJECT ADDED ENTRY--TOPICAL TERM
Topical term or geographic name entry element Contracts
Geographic subdivision England.
655 #7 - INDEX TERM--GENRE/FORM
Genre/form data or focus term Casebooks (Law)
Source of term lcgft
9 (RLIN) 83443
700 1# - ADDED ENTRY--PERSONAL NAME
Personal name Bishop, W. D.
Fuller form of name (William D.)
9 (RLIN) 128748
700 1# - ADDED ENTRY--PERSONAL NAME
Personal name Furmston, M. P.
9 (RLIN) 128749
856 41 - ELECTRONIC LOCATION AND ACCESS
Materials specified Table of contents only
Uniform Resource Identifier <a href="http://www.loc.gov/catdir/toc/ecip0722/2007028712.html">http://www.loc.gov/catdir/toc/ecip0722/2007028712.html</a>
906 ## - LOCAL DATA ELEMENT F, LDF (RLIN)
a 7
b cbc
c orignew
d 1
e ecip
f 20
g y-gencatlg
942 ## - ADDED ENTRY ELEMENTS (KOHA)
Source of classification or shelving scheme
Koha item type Book
Holdings
Withdrawn status Lost status Source of classification or shelving scheme Damaged status Not for loan Permanent Location Current Location Date acquired Total Checkouts Full call number Barcode Date last seen Date last checked out Price effective from Koha item type
          NUST Law School (NLS) NUST Law School (NLS) 04/16/2025 1 346.4202 BEA NLS-1674 09/10/2025 09/09/2025 04/16/2025 Book
© 2023 Central Library, National University of Sciences and Technology. All Rights Reserved.